| 000 | 00938nam a22002295a 4500 | ||
|---|---|---|---|
| 003 | OSt | ||
| 005 | 20170227153959.0 | ||
| 008 | 170226s2008 ua frb 000 0 ara d | ||
| 015 | _a2008 / 24957 | ||
| 020 | _a9789770458946 | ||
| 040 |
_aEG-ScBUE _bara _cEG-ScBUE |
||
| 043 | _af-ua--- | ||
| 082 | 0 | 4 |
_a342.62083 _bن ا ص _222 |
| 100 | 1 | _aناصف، حسام الدين فتحي. | |
| 245 | 1 | 0 |
_aنظام الجنسية المصرية وفقا لأحكام القانون رقم 26 لسنة 1975 المعدل بالقانون رقم 154 لسنة 2004 : _bدراسة مقارنة / _cحسام الدين فتحي ناصف. |
| 260 |
_aالقاهرة : _bدار النهضة العربية، _c2008. |
||
| 300 |
_a514 ص. ؛ _c24 سم. |
||
| 504 | _aيشتمل على إرجاعات ببليوجرافية. | ||
| 650 | 7 |
_aالجنسية _2BUEsh _xقوانين وتشريعات _zمصر. |
|
| 653 |
_bLLAAWW _cFebruary2017 |
||
| 942 | _2ddc | ||
| 999 |
_c24276 _d24248 |
||